000 00528nam a2200169 i 4500
001 24010
003 ES-MaACL
005 20230906152955.0
007 t|
008 021213s1964 sp ||||1| spa d
100 1 _aAmlacher, Erwin.
_921263
245 1 0 _aManual de enfermedades de los peces /
_cErwin Amlacher ; traducido del alemán por Diego Jordano Borea.
260 _aZaragoza :
_bAcribia,
_c1964.
300 _a319 p. :
_bil. ;
_c22 cm.
700 1 _aJordano Borea, Diego.
_966943
852 _aES-MaACL
_jC-26287
_bR.54645
999 _c24010
_d24010